|
|
|
|
| LEADER |
00860naa a2200217 i 4500 |
| 001 |
acta71386 |
| 005 |
20230328133323.0 |
| 008 |
210116s2013 hu o 0|| eng d |
| 020 |
|
|
|a 978-963-306-214-2
|
| 040 |
|
|
|a SZTE Egyetemi Kiadványok Repozitórium
|b hun
|
| 041 |
|
|
|a eng
|
| 100 |
1 |
|
|a Kocsis Ferenc
|
| 245 |
1 |
0 |
|a (Mis)guiding the reader in Paul Auster's City of glass
|h [elektronikus dokumentum] /
|c Kocsis Ferenc
|
| 260 |
|
|
|c 2013
|
| 300 |
|
|
|a 81-94
|
| 490 |
0 |
|
|a From Renaissance to Postmodern at the Institute of English and American studies : prizewinning essays from the OTDK 2007-2016
|
| 650 |
|
4 |
|a Bölcsészettudományok
|
| 650 |
|
4 |
|a Nyelvek és irodalom
|
| 695 |
|
|
|a Amerikai irodalom története - 20. sz.
|
| 700 |
0 |
1 |
|a Auster Paul
|
| 856 |
4 |
0 |
|u http://acta.bibl.u-szeged.hu/71386/1/english_and_american_otdk_2007-2011_081-094.pdf
|z Dokumentum-elérés
|